000 00685nam a2200217Ii 4500
001 31
003 CO-ViMGA
008 241108s9999||||xx |||||||||||||| ||und||
020 _a9507241752
040 _aCO-ViMGA
_bspa
_erda
_cCO-ViMGA
041 0 _aspa
082 0 4 _a535.07 R31c
100 1 _aRoy Richards
_951907
245 1 0 _a101 trucos científicos en óptica :
_bdivertidos experimentos científicos y matemáticos
264 1 _a[Lugar de publicación no identificado] : Lumen Argentina, 1992
300 _avolumen
336 _atext
_btxt
_2rdacontent
337 _aunmediated
_bn
_2rdamedia
338 _avolume
_bnc
_2rdacarrier
940 _aidficha_siabuc: 30. -- ficha_no_siabuc:31
999 _c46670
_d46670